000 00973nam a2200313 i 4500
003 EG-GICUC
005 20260330065331.0
008 260330s1986 ru ao||fr|||| 001 0 eng d
040 _aEG-GiCUC
_beng
_cEG-GiCUC
_dEG-GiCUC
_erda
041 0 _aeng
082 0 4 _221
_a341.48
_bFR . M
092 0 4 _221
099 _aLaw1 11 341.48 FR . M 1986
100 1 _aFrolov, Ivan
_eAuthor.
245 1 0 _aMan-science-humanism :
_bA New Synthesis /
_cIvan Frolov.
264 1 _aMoscow :
_bProgress,
_c1986.
300 _a341 pages,
_c22 cm
336 _2rda content
_atext
337 _2rda media
_aComputer
338 _2rda carrier
_aOnline Resource
490 _aMankind On The Threshold Of The 21st Century
500 _a
504 _aIncludes bibliographical references and index.
546 _aText in English
650 1 4 _aPublic international law
856 4 0 _uhttps://fll.law.cu.edu.eg/fulltext/bks/B11-09361.pdf
905 _a48
942 _2ddc
_cBK
_e21
_n0
999 _c67507
_d67507